Polskie dworce kolejowe mające w nazwie "Główny/a/e" - Statystyki

Ogólne statystyki
  • Ten quiz został rozwiązany 893 razy
    174 od ostatniego zresetowania
  • Średni wynik to 19 z 25
Statystyki odpowiedzi
Hint Odpowiedź % Poprawnych
PO Gdańsk Główny
95%
PO Gdynia Główna
95%
WP Poznań Główny
95%
ZP Szczecin Główny
93%
DS Wrocław Główny
93%
MP Kraków Główny
92%
LU Lublin Główny
92%
OP Opole Główne
91%
PK Rzeszów Główny
89%
MZ Warszawa Główna
89%
WM Olsztyn Główny
88%
KP Bydgoszcz Główna
87%
LB Zielona Góra Główna
87%
KP Toruń Główny
84%
SW Kielce Główne
79%
MZ Radom Główny
79%
PK Przemyśl Główny
72%
SL Bielsko-Biała Główna
65%
DS Wałbrzych Główny
64%
SL Sosnowiec Główny
59%
WM Iława Główna
55%
WP Piła Główna
52%
DS Kłodzko Główne
41%
LD Łowicz Główny
38%
MZ Podkowa Leśna Główna
7%
Nie znaleziono quizów pasujących do podanych kryteriów
Rozkład punktacji
Procent ludzi z każdym wynikiem
Percentyl według liczby udzielonych odpowiedzi
Twoja historia wyników
Nie rozwiązałeś tego quizu od ostatniego zresetowania